[Event "Dutch League 2023-24"]
[Site "Netherlands NED"]
[Date "2023.09.16"]
[Round "1.1"]
[White "Glek, Igor"]
[Black "Hausrath, Daniel"]
[Result "1/2-1/2"]
[WhiteTitle "GM"]
[BlackTitle "GM"]
[WhiteElo "2409"]
[BlackElo "2465"]
[WhiteTeam "Charlois Europoort"]
[BlackTeam "Zuid Limburg"]
[WhiteFideId "4100484"]
[BlackFideId "4617495"]
[EventDate "2023.09.16"]

1. e4 c5 2. Nf3 Nc6 3. Bb5 Nf6 4. Nc3 Qc7 5. O-O Nd4 6. d3 a6 7. Bc4 e6 8. Nxd4
cxd4 9. Ne2 Nxe4 10. Bxe6 dxe6 11. dxe4 Bd6 12. f4 O-O 13. Nxd4 1/2-1/2

[Event "Dutch League 2023-24"]
[Site "Netherlands NED"]
[Date "2023.09.16"]
[Round "1.2"]
[White "Van Dael, Siem"]
[Black "Maerevoet, Sim"]
[Result "1/2-1/2"]
[WhiteTitle "FM"]
[BlackTitle "IM"]
[WhiteElo "2308"]
[BlackElo "2442"]
[WhiteTeam "Zuid Limburg"]
[BlackTeam "Charlois Europoort"]
[WhiteFideId "1049771"]
[BlackFideId "241725"]
[EventDate "2023.09.16"]

1. e4 c5 2. Nf3 e6 3. d4 cxd4 4. Nxd4 Nf6 5. Nc3 Nc6 6. Ndb5 d6 7. Bf4 e5 8. Bg5
a6 9. Na3 b5 10. Nd5 Be7 11. Bxf6 Bxf6 12. c3 O-O 13. Nc2 Be6 14. a4 Ne7 15.
Ncb4 Nxd5 16. Nxd5 Rb8 17. axb5 axb5 18. Nb4 Qd7 19. Be2 Qb7 20. Qd3 Rfd8 21.
Qe3 Ra8 22. O-O h6 23. Qd3 Bc4 24. Qc2 Be6 25. Qd3 Bc4 26. Qc2 Be6 1/2-1/2

[Event "Dutch League 2023-24"]
[Site "Netherlands NED"]
[Date "2023.09.16"]
[Round "1.3"]
[White "Kunin, Vitaly"]
[Black "Van Meegen, Ruud"]
[Result "1/2-1/2"]
[WhiteTitle "GM"]
[BlackTitle "FM"]
[WhiteElo "2528"]
[BlackElo "2275"]
[WhiteTeam "Charlois Europoort"]
[BlackTeam "Zuid Limburg"]
[WhiteFideId "4128737"]
[BlackFideId "1034995"]
[EventDate "2023.09.16"]

1. d4 d5 2. c4 e6 3. Nc3 Nf6 4. Bg5 Be7 5. e3 O-O 6. Nf3 c5 7. dxc5 Qa5 8. Rc1
Nc6 9. Be2 dxc4 10. Bxc4 Qxc5 11. Qe2 Ne5 12. Nxe5 Qxe5 13. f4 Qa5 14. O-O Bd7
15. Kh1 Rab8 16. e4 b5 17. Bd3 Rfe8 18. e5 Nd5 19. Nxd5 exd5 20. Bxe7 Rxe7 21.
Qf2 h6 22. Bb1 Qb6 23. Qg3 Rbe8 24. Qd3 g6 25. Qxd5 Rc8 26. Qf3 Qd4 27. b3 Qb2
28. Rce1 Rc3 29. Qd1 Rc8 30. Re2 Qa3 31. h3 Be6 32. Qd6 Qxd6 33. exd6 Rd7 34.
Rd1 Rc6 35. Bxg6 Rdxd6 36. Rxd6 Rxd6 37. Be4 Kg7 38. g4 Bd5 39. Bxd5 Rxd5 40.
Kg2 Rd3 41. h4 a5 42. Re5 Rd2+ 43. Kf3 Rxa2 44. Rxb5 a4 45. bxa4 Rxa4 46. g5
hxg5 47. Rxg5+ Kf6 48. h5 Ra1 49. Kg2 Ra4 50. Kg3 Ra1 51. Kg2 Ra4 52. Rg4 Ra5
53. Rh4 Kg7 54. Kf3 Kh6 55. Kg4 f5+ 56. Kf3 Ra3+ 57. Ke2 Rb3 58. Rh1 Ra3 59. Rg1
Kxh5 60. Rg5+ Kh6 61. Rxf5 Kg6 62. Rb5 Kf6 63. Kf2 Rc3 64. Re5 Ra3 65. Re3 Rxe3
66. Kxe3 Kf5 67. Kf3 Kf6 68. Kg4 Kg6 69. f5+ Kf6 70. Kf4 Kf7 71. Ke5 Ke7 72. f6+
Kf7 73. Kf5 Kf8 74. Kg6 Kg8 75. f7+ Kf8 1/2-1/2

[Event "Dutch League 2023-24"]
[Site "Netherlands NED"]
[Date "2023.09.16"]
[Round "1.4"]
[White "Braun, Christian2"]
[Black "Vandenbussche, Thibaut"]
[Result "1-0"]
[WhiteTitle "IM"]
[BlackTitle "IM"]
[WhiteElo "2397"]
[BlackElo "2428"]
[WhiteTeam "Zuid Limburg"]
[BlackTeam "Charlois Europoort"]
[WhiteFideId "4692098"]
[BlackFideId "204412"]
[EventDate "2023.09.16"]

1. Nf3 d5 2. g3 c5 3. Bg2 Nf6 4. O-O e6 5. d3 g6 6. Nbd2 Bg7 7. e4 O-O 8. Re1
Nc6 9. c3 a5 10. a4 b6 11. Nb1 dxe4 12. dxe4 Qxd1 13. Rxd1 Ba6 14. Na3 Rac8 15.
Re1 h6 16. Bf1 Bxf1 17. Kxf1 g5 18. h3 Nd7 19. Rd1 Rcd8 20. Rd6 Nde5 21. Rxd8
Rxd8 22. Nxe5 Nxe5 23. Ke2 f5 24. exf5 exf5 25. f4 Nf7 26. Nc4 g4 27. hxg4 fxg4
28. Be3 Nd6 29. Rd1 Bf8 30. Rd2 Be7 31. Ne5 Ne4 32. Rxd8+ Bxd8 33. Nxg4 Nxg3+
34. Kf3 Nf5 35. Ke4 Ng3+ 36. Ke5 h5 37. Nh6+ Kf8 38. f5 Nf1 39. Bf4 Bc7+ 40. Ke4
Bxf4 41. Kxf4 Nd2 42. Kg5 Nc4 43. b3 Nd2 44. Kxh5 Nxb3 45. Kg6 Nd2 46. Ng4 Nc4
47. f6 b5 48. axb5 a4 49. f7 a3 50. b6 Nxb6 51. Nf6 Ke7 52. Kg7 1-0

[Event "Dutch League 2023-24"]
[Site "Netherlands NED"]
[Date "2023.09.16"]
[Round "1.5"]
[White "Lecomte, Robin"]
[Black "Lenaerts, Lennert"]
[Result "0-1"]
[BlackTitle "FM"]
[WhiteElo "2233"]
[BlackElo "2339"]
[WhiteTeam "Charlois Europoort"]
[BlackTeam "Zuid Limburg"]
[WhiteFideId "1037170"]
[BlackFideId "211435"]
[EventDate "2023.09.16"]

1. Nf3 d5 2. d4 Nf6 3. g3 Bf5 4. Bg2 e6 5. O-O h6 6. c4 c6 7. Qb3 Qb6 8. c5 Qxb3
9. axb3 Be7 10. Nc3 O-O 11. b4 a6 12. Nd2 Bc2 13. Ra3 Nbd7 14. Nb3 Bxb3 15. Rxb3
e5 16. dxe5 Nxe5 17. e4 dxe4 18. Nxe4 Nxe4 19. Bxe4 Rfd8 20. Bc2 Bf6 21. Kg2 Nc4
22. Bd3 Rd4 23. Bxc4 Rxc4 24. Rd1 Re8 25. Be3 Ree4 26. Rd7 Re7 27. Rxe7 Bxe7 28.
Bd2 Rc2 29. Bc3 f5 30. Be5 Bg5 31. Rf3 Kf7 32. Bc3 Bc1 33. Rxf5+ Kg6 34. Rf4
Bxf4 0-1

[Event "Dutch League 2023-24"]
[Site "Netherlands NED"]
[Date "2023.09.16"]
[Round "1.6"]
[White "Suvorov, Luca"]
[Black "Garrido Dominguez, Jesus"]
[Result "0-1"]
[WhiteTitle "FM"]
[BlackTitle "IM"]
[WhiteElo "2389"]
[BlackElo "2396"]
[WhiteTeam "Zuid Limburg"]
[BlackTeam "Charlois Europoort"]
[WhiteFideId "12977071"]
[BlackFideId "2254174"]
[EventDate "2023.09.16"]

1. d4 d6 2. c4 e5 3. Nc3 exd4 4. Qxd4 Nc6 5. Qd2 Nf6 6. b3 Be6 7. e4 a5 8. Bb2
a4 9. Rd1 axb3 10. axb3 b5 11. cxb5 Na5 12. b4 Nc4 13. Bxc4 Bxc4 14. Nge2 Qd7
15. O-O Be7 16. Rfe1 O-O 17. Nd4 Rfe8 18. Nf5 Bf8 19. Qg5 Qe6 20. b6 Kh8 21.
bxc7 h6 22. Qg3 Bb3 23. Rc1 Bc4 24. Red1 d5 25. Nd4 Qd7 26. exd5 Bd6 27. Qh4
Bxc7 28. Nf3 Bb3 29. Re1 Kg8 30. Rxe8+ Rxe8 31. Qd4 Bb8 32. b5 Qb7 33. Nd2 Ba7
34. Qd3 Bxd5 35. Nxd5 Nxd5 36. Qg3 g5 37. Nf3 Nf4 38. Kh1 Qxb5 39. Rc7 Qf1+ 40.
Ng1 Qxg1+ 0-1

[Event "Dutch League 2023-24"]
[Site "Netherlands NED"]
[Date "2023.09.16"]
[Round "1.7"]
[White "De Wit, Michel"]
[Black "Wantola, Ivo"]
[Result "1/2-1/2"]
[WhiteTitle "FM"]
[BlackTitle "FM"]
[WhiteElo "2090"]
[BlackElo "2347"]
[WhiteTeam "Charlois Europoort"]
[BlackTeam "Zuid Limburg"]
[WhiteFideId "1002210"]
[BlackFideId "1016067"]
[EventDate "2023.09.16"]

1. e4 c5 2. c3 g6 3. Nf3 Bg7 4. d4 cxd4 5. cxd4 d5 6. exd5 Nf6 7. Bb5+ Nbd7 8.
d6 exd6 9. O-O O-O 10. Nc3 a6 11. Bd3 Re8 12. Bf4 Nb6 13. Qd2 Be6 14. b3 Nbd5
15. Nxd5 Bxd5 16. Qd1 Qd7 17. Bc4 b5 18. Bxd5 Nxd5 19. Qd2 Re4 20. Bg3 Rae8 21.
Rfe1 f5 22. Rxe4 fxe4 23. Ne1 e3 24. fxe3 Bh6 25. Bf2 Nxe3 26. Nc2 Ng4 27. Qd3
d5 28. Bg3 Re4 29. a4 Ne3 30. Bf2 Ng4 31. Bg3 Ne3 32. Bf2 Ng4 33. Bg3 1/2-1/2

[Event "Dutch League 2023-24"]
[Site "Netherlands NED"]
[Date "2023.09.16"]
[Round "1.8"]
[White "Gallasch, Jonas"]
[Black "Geirnaert, Steven"]
[Result "0-1"]
[WhiteTitle "FM"]
[BlackTitle "IM"]
[WhiteElo "2293"]
[BlackElo "2446"]
[WhiteTeam "Zuid Limburg"]
[BlackTeam "Charlois Europoort"]
[WhiteFideId "16222474"]
[BlackFideId "203866"]
[EventDate "2023.09.16"]

1. d4 Nf6 2. c4 e6 3. Nf3 b6 4. g3 Ba6 5. Qc2 Bb7 6. Bg2 c5 7. d5 exd5 8. cxd5
Nxd5 9. O-O Be7 10. Rd1 Nc6 11. Qf5 Nf6 12. e4 g6 13. Qf4 O-O 14. e5 Nh5 15. Qc4
Qc7 16. Nc3 Nxe5 17. Nxe5 Bxg2 18. Nxd7 Rfd8 19. Nxb6 Rxd1+ 20. Nxd1 Rd8 21.
Kxg2 Rxd1 22. Qe2 Qb7+ 23. f3 Rxc1 24. Rxc1 axb6 25. Rd1 b5 26. Qe5 Ng7 27. Rd5
Bf6 28. Qe4 Ne6 29. b3 Kg7 30. a3 Qa6 31. Rd7 c4 32. b4 c3 33. h4 h5 34. Kf1 Nd4
35. Qd5 Qe6 36. Qxe6 Nxe6 37. Ke2 Nd4+ 38. Kd1 Nxf3 39. Rd5 Nd4 40. Rc5 c2+ 41.
Ke1 Nf3+ 42. Kf1 Nd2+ 43. Ke2 Nc4 0-1

[Event "Dutch League 2023-24"]
[Site "Netherlands NED"]
[Date "2023.09.16"]
[Round "1.9"]
[White "Praet, Maarten"]
[Black "Buscher, Michael"]
[Result "1/2-1/2"]
[BlackTitle "FM"]
[WhiteElo "2200"]
[BlackElo "2290"]
[WhiteTeam "Charlois Europoort"]
[BlackTeam "Zuid Limburg"]
[WhiteFideId "201294"]
[BlackFideId "4617533"]
[EventDate "2023.09.16"]

1. e4 c5 2. Nf3 d6 3. Bb5+ Bd7 4. Bxd7+ Qxd7 5. c4 Nc6 6. Nc3 g6 7. d4 cxd4 8.
Nxd4 Bg7 9. Be3 Nf6 10. f3 O-O 11. O-O Rfc8 12. b3 Qd8 13. Rc1 a6 14. Rf2 Rab8
15. Nxc6 Rxc6 16. Rd2 Qe8 17. Nd5 Nxd5 18. cxd5 Rxc1 19. Qxc1 Rc8 20. Rc2 Rxc2
21. Qxc2 Qd7 1/2-1/2

[Event "Dutch League 2023-24"]
[Site "Netherlands NED"]
[Date "2023.09.16"]
[Round "1.10"]
[White "Hamblok, Roel"]
[Black "Kollen, Zyon"]
[Result "1/2-1/2"]
[WhiteTitle "FM"]
[BlackTitle "FM"]
[WhiteElo "2235"]
[BlackElo "2331"]
[WhiteTeam "Zuid Limburg"]
[BlackTeam "Charlois Europoort"]
[WhiteFideId "209317"]
[BlackFideId "1024256"]
[EventDate "2023.09.16"]

1. d4 e6 2. Nf3 Nf6 3. Bf4 d5 4. e3 Bd6 5. Nbd2 b6 6. c3 O-O 7. h4 c5 8. h5 cxd4
9. Bxd6 Qxd6 10. exd4 Nbd7 11. Bd3 e5 12. dxe5 Nxe5 13. Nxe5 Qxe5+ 14. Kf1 Bg4
15. Be2 Bxe2+ 16. Qxe2 Qf5 17. h6 Rfe8 18. Qf3 Qc2 19. Nb3 Qxb2 20. hxg7 Re6 21.
Rd1 Ne4 22. Rh5 Rae8 23. Kg1 Qxc3 24. Nd4 Qxf3 25. Nxf3 h6 26. Nd4 Nc3 27. Rd3
Ne2+ 28. Nxe2 Rxe2 29. Rxh6 Kxg7 30. Rh4 R8e5 31. Rg3+ Kf6 32. Rf3+ Rf5 33. Rh6+
Ke5 34. Rxf5+ Kxf5 35. Rd6 Ke5 36. Rd7 Rxa2 37. Rxf7 Ra1+ 38. Kh2 d4 39. g4 d3
40. Rd7 Ke4 41. g5 Ra5 42. g6 Rh5+ 43. Kg1 Rg5+ 44. Kf1 Rxg6 45. Rxa7 Kd4 46.
Ke1 Re6+ 47. Kd1 Rf6 48. Rd7+ Kc3 49. Rc7+ Kb4 50. Kd2 Rf3 51. Rd7 b5 52. Rxd3
Rxd3+ 53. Kxd3 Ka3 54. Kc2 Ka2 55. Kc3 Ka3 56. Kc2 1/2-1/2

[Event "Dutch League 2023-24"]
[Site "Netherlands NED"]
[Date "2023.09.16"]
[Round "1.1"]
[White "Ris, Robert"]
[Black "Ernst, Sipke"]
[Result "1/2-1/2"]
[WhiteTitle "IM"]
[BlackTitle "GM"]
[WhiteElo "2437"]
[BlackElo "2523"]
[WhiteTeam "Zukertort Amstelveen"]
[BlackTeam "Groninger Combinatie"]
[WhiteFideId "1011480"]
[BlackFideId "1004689"]
[EventDate "2023.09.16"]

1. e4 e5 2. Nf3 Nc6 3. d4 exd4 4. Nxd4 Nf6 5. Nxc6 bxc6 6. Nd2 Bc5 7. Nb3 Be7 8.
e5 Nd5 9. c4 Nb6 10. Bd3 d5 11. exd6 cxd6 12. Nd4 Bf6 13. Qe2+ Kf8 14. Be3 c5 1/2-1/2

[Event "Dutch League 2023-24"]
[Site "Netherlands NED"]
[Date "2023.09.16"]
[Round "1.2"]
[White "Maatman, Nick"]
[Black "De Winter, Arthur"]
[Result "0-1"]
[WhiteTitle "IM"]
[BlackTitle "IM"]
[WhiteElo "2397"]
[BlackElo "2413"]
[WhiteTeam "Groninger Combinatie"]
[BlackTeam "Zukertort Amstelveen"]
[WhiteFideId "1040391"]
[BlackFideId "1069020"]
[EventDate "2023.09.16"]

1. d4 Nf6 2. Nf3 g6 3. c4 Bg7 4. Nc3 O-O 5. Bg5 d6 6. e3 h6 7. Bh4 c5 8. Be2 g5
9. Bg3 Nh5 10. dxc5 Nxg3 11. hxg3 dxc5 12. Qc2 e6 13. Rd1 Qe7 14. Nh2 f5 15. g4
Nc6 16. gxf5 exf5 17. Nd5 Qf7 18. f4 Nb4 19. Nxb4 cxb4 20. fxg5 hxg5 21. Nf3 Qe7
22. c5 Qxe3 23. Rd3 Qe7 24. Rd6 Rf6 25. Qd2 Be6 26. Qxb4 Re8 27. O-O g4 28. Nd4
Bf7 29. Rxf6 Qe3+ 30. Kh1 Bxf6 31. Nxf5 Qxe2 32. Qf4 Qe5 33. Nh6+ Kg7 34. Nf5+
Kg8 35. Nh6+ Kg7 36. Nf5+ Kf8 37. Qh6+ Kg8 38. Nd6 Bg5 0-1

[Event "Dutch League 2023-24"]
[Site "Netherlands NED"]
[Date "2023.09.16"]
[Round "1.3"]
[White "Strating, Sybolt"]
[Black "Slagboom, Leandro"]
[Result "1/2-1/2"]
[WhiteTitle "FM"]
[BlackTitle "FM"]
[WhiteElo "2313"]
[BlackElo "2326"]
[WhiteTeam "Zukertort Amstelveen"]
[BlackTeam "Groninger Combinatie"]
[WhiteFideId "1002694"]
[BlackFideId "1065882"]
[EventDate "2023.09.16"]

1. d4 d5 2. c4 e6 3. Nc3 Bb4 4. e3 Nf6 5. Qa4+ Nc6 6. Bd2 O-O 7. Nf3 dxc4 8.
Bxc4 a6 9. Qc2 Bd6 10. O-O b5 11. Be2 Bb7 12. a4 b4 13. Ne4 Nxe4 14. Qxe4 Na5
15. Qg4 Qe8 16. Qh5 Nb3 17. Rad1 Qxa4 18. Ng5 h6 19. Bd3 Nxd2 20. Rxd2 Qe8 21.
Bh7+ Kh8 22. h4 Be7 23. Bd3 Bd6 24. Ra1 a5 25. Bb5 Qe7 26. Nf3 Rfd8 27. Rc2 Kg8
28. Nd2 e5 29. Nb3 Qe6 30. Bc4 Bd5 31. Bxd5 Qxd5 32. Nc5 a4 33. e4 Qxd4 34. Rd1
Bxc5 35. Rxd4 Bxd4 36. Rxc7 Rf8 37. Qe2 a3 38. bxa3 bxa3 39. Qa2 h5 40. Kh2 Bb2
41. f3 Ra6 42. Rb7 Bd4 43. Rd7 Raa8 44. Rb7 Kh7 45. Rd7 Be3 46. Rd3 Bc1 47. Rc3
Bb2 48. Rc7 Kh6 49. Rc6+ f6 50. Rc7 Ra5 51. Rb7 Bd4 52. Rc7 Bb6 53. Rb7 Be3 54.
Kh3 Kg6 55. Rb3 Bc1 56. Rb7 Bh6 57. Rc7 Ra6 58. Rc3 Rfa8 59. Rc7 Kh7 60. Rc3
R6a7 61. Rd3 Bc1 62. Rc3 Bb2 63. Rb3 Bd4 64. Rb5 Rc7 65. Rb1 Bb2 66. Rd1 Bd4 67.
Rb1 Bb2 68. Rd1 1/2-1/2

[Event "Dutch League 2023-24"]
[Site "Netherlands NED"]
[Date "2023.09.16"]
[Round "1.4"]
[White "De Boer, Eelke"]
[Black "Peelen, Piet"]
[Result "1/2-1/2"]
[WhiteTitle "FM"]
[BlackTitle "IM"]
[WhiteElo "2399"]
[BlackElo "2343"]
[WhiteTeam "Groninger Combinatie"]
[BlackTeam "Zukertort Amstelveen"]
[WhiteFideId "1048120"]
[BlackFideId "1000403"]
[EventDate "2023.09.16"]

1. e4 c6 2. d4 d5 3. e5 Bf5 4. Nf3 e6 5. Be2 c5 6. Be3 Qb6 7. Nc3 Nc6 8. Na4
Qa5+ 9. c3 c4 10. b4 Qc7 11. Nh4 Bg6 12. Nb2 Nge7 13. O-O Nf5 14. Nxg6 hxg6 15.
Qd2 f6 16. f4 g5 17. Bg4 Nxe3 18. Qxe3 f5 19. Be2 gxf4 20. Qxf4 O-O-O 21. g4 Ne7
22. Nd1 g5 23. Qd2 f4 24. Bf3 Ng6 25. Qe2 Qh7 26. Nb2 Rd7 27. Rf2 Qh3 28. Qf1
Rdh7 29. Rc1 Be7 30. Rcc2 Bd8 31. Qe2 Nh4 32. a4 a5 33. bxa5 Bxa5 34. Nd1 Nxf3+
35. Qxf3 Rh4 36. Qxh3 Rxh3 37. Rg2 Rd3 38. Rgd2 Rhh3 39. Rxd3 Rxd3 40. Rc1 Kc7
41. Kf1 Kd7 42. Rb1 Kc6 43. Rc1 Rd2 44. Nf2 Bd8 45. Kg2 Kd7 46. Kf3 Ke8 47. h4
gxh4 48. Rb1 Rc2 49. Rxb7 Bg5 50. Nd1 h3 51. a5 h2 52. Rh7 Rc1 53. Nf2 Rxc3+ 54.
Kg2 Ra3 55. Kxh2 Rxa5 56. Nh3 Ra2+ 57. Kg1 c3 58. Nxg5 c2 59. Rc7 Ra1+ 60. Kf2
c1=Q 61. Rxc1 Rxc1 62. Nxe6 Rc4 63. Nxf4 Rxd4 64. Kf3 Kf7 65. g5 Re4 66. e6+
Rxe6 67. Nxe6 1/2-1/2

[Event "Dutch League 2023-24"]
[Site "Netherlands NED"]
[Date "2023.09.16"]
[Round "1.5"]
[White "Van Gisbergen, Stan"]
[Black "Van Foreest, Machteld"]
[Result "0-1"]
[WhiteTitle "FM"]
[BlackTitle "FM"]
[WhiteElo "2262"]
[BlackElo "2332"]
[WhiteTeam "Zukertort Amstelveen"]
[BlackTeam "Groninger Combinatie"]
[WhiteFideId "1002066"]
[BlackFideId "1051563"]
[EventDate "2023.09.16"]

1. d4 Nf6 2. c4 e6 3. Nf3 d5 4. Nc3 c6 5. e3 Bd6 6. Qc2 O-O 7. b3 Nbd7 8. Be2 b6
9. O-O Bb7 10. Bb2 Qe7 11. Rfe1 Rac8 12. Rad1 Rfd8 13. Bf1 c5 14. cxd5 cxd4 15.
Rxd4 Nxd5 16. Bc4 Nxc3 17. Bxc3 Bxf3 18. gxf3 Be5 19. Rxd7 Rxd7 20. Bxe5 b5 21.
Bxg7 Kxg7 22. Qb2+ Kh6 23. Bf1 Rg8+ 24. Kh1 Qh4 25. Bg2 Rd5 26. Rg1 Rh5 27. Bh3
Rxg1+ 28. Kxg1 Qg5+ 29. Bg2 Qe5 30. Qe2 Qxh2+ 31. Kf1 Rg5 32. Qd1 0-1

[Event "Dutch League 2023-24"]
[Site "Netherlands NED"]
[Date "2023.09.16"]
[Round "1.6"]
[White "Wempe, Joost"]
[Black "Los, Sander"]
[Result "1/2-1/2"]
[WhiteTitle "FM"]
[BlackTitle "FM"]
[WhiteElo "2287"]
[BlackElo "2282"]
[WhiteTeam "Groninger Combinatie"]
[BlackTeam "Zukertort Amstelveen"]
[WhiteFideId "1005502"]
[BlackFideId "1000527"]
[EventDate "2023.09.16"]

1. d4 g6 2. Nf3 Bg7 3. g3 Nf6 4. Bg2 d6 5. O-O O-O 6. b3 e5 7. dxe5 Ng4 8. Bb2
Nxe5 9. Nxe5 dxe5 10. Qxd8 Rxd8 11. Na3 Nc6 12. Nb5 Nd4 13. Nxc7 Nxe2+ 14. Kh1
Rb8 15. Nd5 Be6 16. c4 Rd7 17. Rae1 Nd4 18. f4 b5 19. fxe5 bxc4 20. Bxd4 Bxd5
21. Bxd5 Rxd5 22. Bxa7 Ra8 23. e6 fxe6 24. bxc4 Rd6 25. c5 Rc6 26. Bb6 Bd4 27.
Rf4 e5 28. Rfe4 Rxa2 29. R4e2 Rxe2 30. Rxe2 Bxc5 31. Rc2 Rxb6 32. Rxc5 Re6 33.
Rc7 h5 34. Kg2 Rf6 35. h3 Rf7 36. Rc5 Re7 37. Kf3 Kf7 38. Ke4 Kf6 39. Ra5 Re6
40. Rb5 Ra6 41. Rb4 Ra3 42. Rb6+ Kg5 43. h4+ Kh6 44. Kxe5 Rxg3 45. Rb4 Rg1 46.
Ra4 Re1+ 1/2-1/2

[Event "Dutch League 2023-24"]
[Site "Netherlands NED"]
[Date "2023.09.16"]
[Round "1.7"]
[White "Van der Eijk, Martijn"]
[Black "Van der Hagen, Loek"]
[Result "1-0"]
[BlackTitle "FM"]
[WhiteElo "2232"]
[BlackElo "2346"]
[WhiteTeam "Zukertort Amstelveen"]
[BlackTeam "Groninger Combinatie"]
[WhiteFideId "1026534"]
[BlackFideId "1052853"]
[EventDate "2023.09.16"]

1. e4 c5 2. c3 e5 3. Nf3 Nc6 4. Bc4 Nf6 5. Ng5 d5 6. exd5 Nxd5 7. Qh5 g6 8. Qf3
Qxg5 9. Bxd5 Nd8 10. O-O Qf5 11. Qe3 Be6 12. Bf3 Bd6 13. d3 O-O 14. Nd2 Qf6 15.
Ne4 Qe7 16. Nxd6 Qxd6 17. Re1 f6 18. b3 Rc8 19. Ba3 Rf7 20. Rad1 Qa6 21. Bxc5
Qxa2 22. d4 b6 23. Bb4 a5 24. Bd6 Qxb3 25. dxe5 Rxc3 26. Qh6 Rxf3 27. gxf3 Qxf3
28. exf6 Rxf6 29. Bg3 Nf7 30. Qe3 Qxe3 31. Rxe3 b5 32. Bc7 a4 33. Ba5 Bb3 34.
Re8+ Kg7 35. Rd7 Rc6 36. Bb4 h5 37. Rb8 Rc1+ 38. Kg2 Bc4 39. h4 Kf6 40. Rb6+ Kf5
41. Be7 Bf1+ 42. Kg3 Bc4 43. f3 Rg1+ 44. Kf2 Rf1+ 45. Kg2 g5 46. Rf6+ Ke5 47.
Rxf7 g4 48. Bd6+ Kd4 49. Rf4+ Ke3 50. Re4+ 1-0

[Event "Dutch League 2023-24"]
[Site "Netherlands NED"]
[Date "2023.09.16"]
[Round "1.8"]
[White "Elgersma, Simon"]
[Black "Kuling, Lody"]
[Result "1-0"]
[WhiteTitle "CM"]
[WhiteElo "2215"]
[BlackElo "2214"]
[WhiteTeam "Groninger Combinatie"]
[BlackTeam "Zukertort Amstelveen"]
[WhiteFideId "1046101"]
[BlackFideId "1019686"]
[EventDate "2023.09.16"]

1. e4 c5 2. Nf3 e6 3. d4 cxd4 4. Nxd4 Nf6 5. Nc3 d6 6. g4 h6 7. h4 Nc6 8. Rg1 d5
9. g5 hxg5 10. hxg5 Nxe4 11. Nxe4 dxe4 12. Nxc6 Qxd1+ 13. Kxd1 bxc6 14. Be3 e5
15. Bc4 Bg4+ 16. Kd2 Bf3 17. a3 Bd6 18. b4 Ke7 19. Kc3 Rhb8 20. Ba6 Ke8 21. Rab1
Bc7 22. a4 Bb6 23. Bc5 Kd7 24. Bc4 Bxc5 25. bxc5 Bh5 26. Ba6 Kc7 27. Rbe1 Bg6
28. Rd1 Rd8 29. Rb1 Rab8 30. a5 Rxb1 31. Rxb1 Rb8 32. Rh1 Bf5 33. Bc4 Kd7 34.
Bxf7 Rb5 35. Bc4 Rxa5 36. Kb4 1-0

[Event "Dutch League 2023-24"]
[Site "Netherlands NED"]
[Date "2023.09.16"]
[Round "1.9"]
[White "Schilstra, Laurens"]
[Black "Boer, Alef"]
[Result "1-0"]
[WhiteElo "2154"]
[BlackElo "2045"]
[WhiteTeam "Zukertort Amstelveen"]
[BlackTeam "Groninger Combinatie"]
[WhiteFideId "1043218"]
[BlackFideId "1007122"]
[EventDate "2023.09.16"]

1. d4 Nf6 2. Nf3 e6 3. c4 Nc6 4. Nc3 Bb4 5. Qc2 d6 6. e4 e5 7. d5 Bxc3+ 8. bxc3
Nb8 9. Bd3 b6 10. O-O Nbd7 11. Ne1 O-O 12. f4 exf4 13. Bxf4 h6 14. Nf3 Ng4 15.
Rad1 Nde5 16. Be2 Ng6 17. Qd2 Nxf4 18. Qxf4 Qe7 19. c5 bxc5 20. h3 Ne5 21. Nxe5
dxe5 22. Qe3 Bd7 23. Rb1 Rab8 24. c4 Rb6 25. Qa3 Qd6 26. Rb3 Ra6 27. Qb2 Rb6 28.
Qc3 Rfb8 29. Qa5 Rxb3 30. axb3 Rxb3 31. Qxa7 Bxh3 32. Bh5 g6 33. Qa8+ Kg7 34.
Qe8 f5 35. exf5 Rb8 36. Qxb8 Bxf5 1-0

[Event "Dutch League 2023-24"]
[Site "Netherlands NED"]
[Date "2023.09.16"]
[Round "1.10"]
[White "Hilwerda, Jonas"]
[Black "Theulings, Paul-Peter"]
[Result "1-0"]
[WhiteTitle "FM"]
[BlackTitle "CM"]
[WhiteElo "2248"]
[BlackElo "2057"]
[WhiteTeam "Groninger Combinatie"]
[BlackTeam "Zukertort Amstelveen"]
[WhiteFideId "1046713"]
[BlackFideId "1002899"]
[EventDate "2023.09.16"]

1. d4 Nf6 2. c4 e6 3. g3 d5 4. Bg2 Nc6 5. Nf3 dxc4 6. Qa4 Bb4+ 7. Bd2 Nd5 8.
Bxb4 Nxb4 9. O-O O-O 10. a3 Nd5 11. Qxc4 Na5 12. Qc2 b6 13. b4 Nb7 14. e4 Ne7
15. Nbd2 Bd7 16. Rfd1 a5 17. Rdc1 c6 18. Qb2 axb4 19. axb4 Qc7 20. Ne5 Rxa1 21.
Qxa1 Rc8 22. Ndc4 Be8 23. Qa7 Nd8 24. Qxb6 Qxb6 25. Nxb6 Rb8 26. Nec4 Nb7 27.
Ra1 Nc8 28. Nxc8 Rxc8 29. f4 Rb8 30. Kf2 Nd8 31. Rb1 Kf8 32. Ke3 Ke7 33. Kd3 Bd7
34. Kc3 Ra8 35. Na5 Ra7 36. Kb3 Kd6 37. Rc1 Ra6 38. Bf3 Ke7 39. g4 f6 40. h4 Rb6
41. Ra1 h6 42. Nc4 Rb7 43. Kc3 Be8 44. Ra8 Rc7 45. e5 Nf7 46. Nd6 Bd7 47. Ne4
fxe5 48. fxe5 g5 49. Nf6 Bc8 50. h5 Nd8 51. Be4 Nf7 52. Kc4 1-0

[Event "Dutch League 2023-24"]
[Site "Netherlands NED"]
[Date "2023.09.16"]
[Round "1.1"]
[White "Kuipers, Stefan"]
[Black "Ferreira, Jorge Viterbo"]
[Result "0-1"]
[WhiteTitle "IM"]
[BlackTitle "GM"]
[WhiteElo "2444"]
[BlackElo "2522"]
[WhiteTeam "AMEVO Apeldoorn"]
[BlackTeam "HMC Den Bosch"]
[WhiteFideId "1018400"]
[BlackFideId "1910850"]
[EventDate "2023.09.16"]
[EventType "team-tourn"]

1. e4 e5 2. Nf3 Nc6 3. Bc4 Nf6 4. d3 Bc5 5. c3 a6 6. Bg5 h6 7. Bh4 Be7 8. Bg3 d6
9. a4 O-O 10. O-O Be6 11. Nbd2 Bxc4 12. Nxc4 g6 13. b4 Nh5 14. b5 Nb8 15. Qb3
Nd7 16. d4 Nxg3 17. hxg3 axb5 18. Qxb5 exd4 19. cxd4 Ra7 20. Rfe1 c6 21. Qb3 Nf6
22. d5 cxd5 23. exd5 Nxd5 24. Na3 Nf6 25. Nb5 Ra6 26. Qe3 Re8 27. Qxh6 Bf8 28.
Qh4 Rxe1+ 29. Rxe1 d5 30. Ng5 Bg7 31. Qf4 Rc6 32. Rd1 Qe7 33. Qb8+ Bf8 34. Nf3
Rc4 35. a5 Ra4 36. Nc7 Rxa5 37. Re1 Qc5 38. Qxb7 Ne4 39. Nxd5 Qxf2+ 40. Kh1 Ra2
41. Nf4 Nxg3+ 42. Kh2 Nh5 43. Re8 Qg3+ 0-1